[Event "EU-ch 13th"]
[Site "Plovdiv"]
[Date "2012.03.21"]
[Round "2"]
[White "Saric, Ivan"]
[Black "Panteleev, Petar"]
[Result "1-0"]
[WhiteElo "2649"]
[BlackElo "2347"]
[PlyCount "145"]
[EventDate "2012.03.20"]
[EventType "swiss"]
[EventRounds "11"]
[EventCountry "BUL"]
[SourceTitle "CBM 148"]
[Source "ChessBase"]
[SourceDate "2012.05.16"]
[SourceVersion "1"]
[SourceVersionDate "2012.05.16"]
[SourceQuality "1"]

1. e4 e5 2. Nf3 Nc6 3. Bb5 Nf6 4. 0-0 Nxe4 5. d4 Nd6 6. Bxc6 dxc6 7. dxe5 Nf5 8. Qxd8+ Kxd8 9. Nc3 Ke8 10. h3 h5 11. Rd1 Be7 12. Bg5 Be6 13. g3 f6 14. exf6 gxf6 15. Bf4 Rc8 16. Kg2 Kf7 17. b3 b6 18. Rd3 Bd6 19. Bxd6 cxd6 20. Rad1 d5 21. Ne2 Ne7 22. R3d2 Ng6 23. c4 dxc4 24. bxc4 c5 25. Nc3 Ke7 26. Re1 Rhd8 27. Rde2 Rc6 28. Re4 Kf7 29. Nh4 Nxh4+ 30. Rxh4 Kg6 31. Ne2 Bf7 32. Nf4+ Kg7 33. Nxh5+ Kf8 34. g4 Bxc4 35. Ng3 Bd5+ 36. Kh2 Bg8 37. Nf5 Rd2 38. Kg3 Re6 39. Rxe6 Bxe6 40. Rh8+ Kf7 41. Rh7+ Kf8 42. Rh8+ Kf7 43. Rh7+ Kf8 44. Rxa7 Rxa2 45. Rb7 Ra3+ 46. Ne3 Rb3 47. h4 c4 48. g5 fxg5 49. hxg5 c3 50. Kf4 Rb2 51. Rc7 Rxf2+ 52. Ke5 Bf7 53. Rxc3 Kg7 54. Rc6 Re2 55. Kf4 Rf2+ 56. Kg3 Rb2 57. Nf5+ Kh7 58. Kf4 Re2 59. Rh6+ Kg8 60. Rxb6 Re6 61. Rb8+ Re8 62. Rb7 Bh5 63. Ne7+ Kf7 64. Nc6+ Kg6 65. Ne5+ Rxe5 66. Rb6+ Re6 67. Rxe6+ Kf7 68. Rf6+ Kg7 69. Kf5 Be8 70. Rd6 Ba4 71. g6 Bc2+ 72. Kg5 Bb3 73. Rd7+ 1-0

[Event "BL2-Ost 1112"]
[Site "Germany"]
[Date "2012.03.18"]
[Round "8.5"]
[White "Panteleev, Petar"]
[Black "Heidrich, Manfred"]
[Result "0-1"]
[WhiteElo "2347"]
[BlackElo "2306"]
[PlyCount "80"]
[EventDate "2011.10.02"]
[EventType "team-tourn"]
[EventRounds "9"]
[EventCountry "GER"]
[SourceTitle "EXT 2015"]
[Source "ChessBase"]
[SourceDate "2014.11.20"]
[SourceVersion "1"]
[SourceVersionDate "2014.11.20"]
[SourceQuality "1"]
[WhiteTeam "Muenchen Tarrasch"]
[BlackTeam "Forchheim"]
[WhiteTeamCountry "GER"]
[BlackTeamCountry "GER"]

1. d4 f5 2. Nf3 Nf6 3. c4 g6 4. g3 Bg7 5. Bg2 d6 6. 0-0 0-0 7. d5 Na6 8. Nd4 Qe8 9. Nc3 Bd7 10. e4 Nxe4 11. Nxe4 fxe4 12. Bxe4 c6 13. Be3 Nc7 14. Rb1 c5 15. Ne2 b5 16. b3 Qf7 17. Nf4 Rab8 18. Qc2 Qf6 19. h4 Na6 20. Bd2 bxc4 21. bxc4 Rb2 22. Rxb2 Qxb2 23. Qxb2 Bxb2 24. Rb1 Rb8 25. h5 gxh5 26. Nxh5 Bd4 27. Rb3 Rxb3 28. axb3 Bg4 29. Nf4 Bd1 30. Ne6 Bxb3 31. Bd3 Bf6 32. Ba5 Nb4 33. Bf1 Nc2 34. Nd8 Na3 35. Nc6 Nxc4 36. Bd8 Kf7 37. Nxa7 Na3 38. Bg2 c4 39. Nc6 c3 40. Nb4 c2 0-1

[Event "AUT-chT2W 1112"]
[Site "Austria"]
[Date "2012.03.11"]
[Round "11.2"]
[White "Panteleev, Petar"]
[Black "Juergens, Klaus"]
[Result "0-1"]
[WhiteElo "2347"]
[BlackElo "2155"]
[PlyCount "70"]
[EventDate "2011.10.07"]
[EventType "team-tourn"]
[EventRounds "11"]
[EventCountry "AUT"]
[SourceTitle "EXT 2013"]
[Source "ChessBase"]
[SourceDate "2012.11.22"]
[SourceVersion "1"]
[SourceVersionDate "2012.11.22"]
[SourceQuality "1"]
[WhiteTeam "Rum Rochade"]
[BlackTeam "Salzburg"]
[WhiteTeamCountry "AUT"]
[BlackTeamCountry "AUT"]

1. d4 Nf6 2. Nf3 g6 3. c4 Bg7 4. Nc3 d6 5. e4 0-0 6. Be2 e5 7. 0-0 Nc6 8. d5 Ne7 9. b4 Nh5 10. Re1 a5 11. Ba3 axb4 12. Bxb4 Nf4 13. Bf1 Bg4 14. h3 Bxf3 15. Qxf3 c5 16. dxc6 Nxc6 17. Rab1 Nd4 18. Qd1 Nfe6 19. Nb5 Rxa2 20. Nxd4 Nxd4 21. Bc3 Qc7 22. Bxd4 exd4 23. Rb5 Rfa8 24. Qb3 R8a3 25. Qb1 d3 26. Rxb7 Qc5 27. Rb8+ Bf8 28. Rb2 Qa7 29. Rxa2 Rxa2 30. c5 dxc5 31. Qxd3 c4 32. Qf3 Rxf2 33. Qxf2 Bc5 34. Qxc5 Qxc5+ 35. Kh1 c3 0-1

[Event "AUT-chT2W 1112"]
[Site "Austria"]
[Date "2011.10.09"]
[Round "3.2"]
[White "Panteleev, Petar"]
[Black "Rotstein, Arkadij"]
[Result "0-1"]
[WhiteElo "2347"]
[BlackElo "2515"]
[PlyCount "128"]
[EventDate "2011.10.07"]
[EventType "team-tourn"]
[EventRounds "11"]
[EventCountry "AUT"]
[SourceTitle "CBM 144 Extra"]
[Source "ChessBase"]
[SourceDate "2011.10.28"]
[SourceVersion "1"]
[SourceVersionDate "2011.10.28"]
[SourceQuality "1"]
[WhiteTeam "Rum Rochade"]
[BlackTeam "Absam"]
[WhiteTeamCountry "AUT"]
[BlackTeamCountry "AUT"]

1. d4 Nf6 2. c4 e6 3. Nf3 d5 4. g3 dxc4 5. Qa4+ Nbd7 6. Bg2 a6 7. Qxc4 b5 8. Qd3 Bb7 9. 0-0 c5 10. dxc5 Bxc5 11. Nbd2 0-0 12. Nb3 Be4 13. Qd1 Be7 14. Be3 Rc8 15. Bd4 a5 16. Rc1 a4 17. Nbd2 Bd5 18. b3 Qa5 19. Rxc8 Rxc8 20. Ng5 axb3 21. axb3 Bxg2 22. Kxg2 Qa2 23. Bxf6 Nxf6 24. Ngf3 Rc2 25. Nb1 Nd5 26. Nd4 Rc5 27. Qd2 Qxd2 28. Nxd2 Bf6 29. N4f3 Rc2 30. Kg1 h6 31. e3 Nc3 32. Re1 g5 33. h3 Be7 34. Ra1 Na2 35. Ne4 f5 36. Nd4 Rb2 37. Nc6 Kf8 38. Nxe7 Kxe7 39. Nc5 Kd6 40. Nd3 Rxb3 41. Ne1 Nc3 42. Ra6+ Kd5 43. Nf3 Rb2 44. Nd4 Ne2+ 45. Nxe2 Rxe2 46. Rb6 Rb2 47. g4 fxg4 48. hxg4 b4 49. f4 gxf4 50. exf4 Ke4 51. Rxe6+ Kxf4 52. Rxh6 b3 53. Rb6 Kxg4 54. Kf1 Kf3 55. Ke1 Ke3 56. Re6+ Kd3 57. Rd6+ Kc2 58. Rc6+ Kb1 59. Rc3 Ka2 60. Rc8 Rh2 61. Ra8+ Kb1 62. Kd1 b2 63. Ra7 Rh5 64. Rd7 Ra5 0-1

[Event "AUT-chT2W 1011"]
[Site "Austria"]
[Date "2011.03.11"]
[Round "9.2"]
[White "Weindl, Alfred"]
[Black "Panteleev, Petar"]
[Result "0-1"]
[WhiteElo "2374"]
[BlackElo "2329"]
[PlyCount "112"]
[EventDate "2010.10.15"]
[EventType "team-tourn"]
[EventRounds "11"]
[EventCountry "AUT"]
[SourceTitle "EXT 2012"]
[Source "ChessBase"]
[SourceDate "2011.11.24"]
[SourceVersion "1"]
[SourceVersionDate "2011.11.24"]
[SourceQuality "1"]
[WhiteTeam "Bregenz"]
[BlackTeam "Mozart"]
[WhiteTeamCountry "AUT"]
[BlackTeamCountry "AUT"]

1. d4 Nf6 2. Bg5 d5 3. Bxf6 exf6 4. e3 Bd6 5. g3 c6 6. Bg2 f5 7. Ne2 Nd7 8. Nd2 Nf6 9. c4 dxc4 10. Nxc4 Be7 11. 0-0 Be6 12. Qc2 Nd5 13. a3 a5 14. Ne5 0-0 15. Nd3 g6 16. Nef4 Nxf4 17. Nxf4 Bc8 18. d5 c5 19. Nd3 Qd6 20. b4 axb4 21. axb4 Rxa1 22. Rxa1 cxb4 23. Rb1 Bd7 24. Nxb4 Rc8 25. Qd1 Rc4 26. Nd3 b5 27. Nf4 Bf6 28. h4 Kg7 29. Bf1 Rc5 30. Bg2 Rc8 31. Ne2 Rc4 32. Nf4 Rb4 33. Rxb4 Qxb4 34. Nd3 Qc3 35. Qb1 Be7 36. Nf4 Bf6 37. Bf1 b4 38. Bd3 b3 39. Ne2 Qa1 40. Qxa1 Bxa1 41. Nc1 Ba4 42. Bb1 Kf8 43. f3 Ke7 44. Kf2 Kd6 45. e4 fxe4 46. fxe4 Kc5 47. Ke3 Bd4+ 48. Kd2 h5 49. Nd3+ Kc4 50. d6 Bd7 51. e5 Kd5 52. Nf4+ Kxe5 53. Ne2 Bb2 54. Bd3 Kxd6 55. Bc4 Be6 56. Kd3 Be5 0-1

[Event "BL2-Ost 1011"]
[Site "Germany"]
[Date "2011.02.27"]
[Round "7.7"]
[White "Helbig, Uwe"]
[Black "Panteleev, Petar"]
[Result "0-1"]
[WhiteElo "2256"]
[BlackElo "2304"]
[PlyCount "68"]
[EventDate "2010.10.10"]
[EventType "team-tourn"]
[EventRounds "9"]
[EventCountry "GER"]
[SourceTitle "EXT 2012"]
[Source "ChessBase"]
[SourceDate "2011.11.24"]
[SourceVersion "1"]
[SourceVersionDate "2011.11.24"]
[SourceQuality "1"]
[WhiteTeam "Bindlach"]
[BlackTeam "Muenchen Tarrasch"]
[WhiteTeamCountry "GER"]
[BlackTeamCountry "GER"]

1. d4 Nf6 2. Bg5 d5 3. Nf3 Nbd7 4. Nbd2 g6 5. e3 Bg7 6. Bd3 c5 7. c3 b6 8. Qe2 Bb7 9. Ne5 Nxe5 10. dxe5 Nd7 11. f4 f6 12. e6 fxg5 13. Bb5 0-0 14. Bxd7 gxf4 15. 0-0 fxe3 16. Qxe3 d4 17. Qg3 Rf6 18. cxd4 Qb8 19. Qxb8+ Rxb8 20. dxc5 Rxf1+ 21. Rxf1 Bd4+ 22. Kh1 Bxc5 23. Nc4 Rf8 24. Rxf8+ Kxf8 25. a4 Bd5 26. Ne5 a5 27. h3 Kg7 28. Bc8 Kf6 29. Nd7+ Kf5 30. Nf8 h5 31. Kh2 h4 32. Ba6 g5 33. Bd3+ Ke5 34. g3 Kd4 0-1

[Event "AUT-chT2W 1011"]
[Site "Austria"]
[Date "2010.11.28"]
[Round "6"]
[White "Panteleev, Petar"]
[Black "Novkovic, Julia"]
[Result "1-0"]
[WhiteElo "2329"]
[BlackElo "2157"]
[PlyCount "99"]
[EventDate "2010.10.15"]
[EventType "team-tourn"]
[EventRounds "11"]
[EventCountry "AUT"]
[SourceTitle "EXT 2012"]
[Source "ChessBase"]
[SourceDate "2011.11.24"]
[SourceVersion "1"]
[SourceVersionDate "2011.11.24"]
[SourceQuality "1"]
[WhiteTeam "Mozart"]
[BlackTeam "Dornbirn"]
[WhiteTeamCountry "AUT"]
[BlackTeamCountry "AUT"]

1. Nf3 Nf6 2. c4 c6 3. d4 d5 4. Nc3 dxc4 5. a4 Bf5 6. Ne5 e6 7. f3 Bb4 8. e4 Nxe4 9. fxe4 Qh4+ 10. Ke2 Bxc3 11. bxc3 Qxe4+ 12. Kf2 0-0 13. Bxc4 Qh4+ 14. g3 Qf6 15. Qf3 Be4 16. Qxf6 gxf6 17. Re1 Bg6 18. Nxg6 hxg6 19. Rb1 b6 20. Ba3 Re8 21. d5 e5 22. Rbd1 c5 23. g4 Kg7 24. Bb5 Rc8 25. g5 a6 26. gxf6+ Kxf6 27. Bf1 Rh8 28. Kg3 Nd7 29. Bh3 Rad8 30. Rb1 Kg7 31. Bxd7 Rxd7 32. c4 b5 33. axb5 axb5 34. Rxb5 Ra7 35. Bb2 f6 36. Rxe5 fxe5 37. Bxe5+ Kh7 38. Bxh8 Kxh8 39. Rxc5 Kg7 40. Kf4 Ra2 41. h4 Rh2 42. Rc7+ Kf6 43. Rc6+ Kf7 44. Ke5 Rxh4 45. Rc7+ Ke8 46. c5 g5 47. Rg7 Kd8 48. c6 g4 49. d6 Rh8 50. Ra7 1-0

[Event "AUT-chT2W 1011"]
[Site "Austria"]
[Date "2010.10.17"]
[Round "3.2"]
[White "Panteleev, Petar"]
[Black "Konnyu, Janos"]
[Result "0-1"]
[WhiteElo "2329"]
[BlackElo "2353"]
[PlyCount "105"]
[EventDate "2010.10.15"]
[EventType "team-tourn"]
[EventRounds "11"]
[EventCountry "AUT"]
[SourceTitle "EXT 2011"]
[Source "ChessBase"]
[SourceDate "2010.11.26"]
[SourceVersion "1"]
[SourceVersionDate "2010.11.26"]
[SourceQuality "1"]
[WhiteTeam "Mozart"]
[BlackTeam "Ranshofen"]
[WhiteTeamCountry "AUT"]
[BlackTeamCountry "AUT"]

1. d4 Nf6 2. c4 g6 3. Nc3 Bg7 4. e4 d6 5. Nf3 0-0 6. Be2 e5 7. 0-0 Nc6 8. d5 Ne7 9. b4 Nh5 10. Re1 Nf4 11. Bf1 a5 12. bxa5 c5 13. a4 Rxa5 14. Ra3 Ra6 15. Nd2 Bd7 16. Nb5 Qc8 17. Bb2 Bg4 18. Qc2 g5 19. Nc3 Neg6 20. Nd1 Bd7 21. Ne3 Qa8 22. Rea1 Qa7 23. Nf5 Ra8 24. a5 Qb8 25. g3 Nh5 26. Be2 Nf6 27. Nxg7 Kxg7 28. Nf1 Qd8 29. Bc3 b6 30. f3 bxa5 31. Qd2 g4 32. Rxa5 Rxa5 33. Bxa5 Qc8 34. Ne3 h6 35. Qc2 h5 36. Bc3 Rxa1+ 37. Bxa1 gxf3 38. Bxf3 Ng4 39. Bxg4 Bxg4 40. Bc3 Ne7 41. Bd2 Ng8 42. Qd3 Nf6 43. Nf5+ Bxf5 44. exf5 Qb7 45. Kg2 Qb2 46. Qe3 Ne4 47. Qxe4 Qxd2+ 48. Kh1 Kf6 49. h3 Qg5 50. g4 hxg4 51. hxg4 Qh4+ 52. Kg2 Kg5 53. Kf3 0-1

[Event "Schwarzach op 25th"]
[Site "Schwarzach"]
[Date "2010.08.28"]
[Round "8"]
[White "Feige, Manuel"]
[Black "Panteleev, Petar"]
[Result "1/2-1/2"]
[WhiteElo "2402"]
[BlackElo "2329"]
[PlyCount "57"]
[EventDate "2010.08.21"]
[EventType "swiss"]
[EventRounds "9"]
[EventCountry "AUT"]
[SourceTitle "CBM 138 Extra"]
[Source "ChessBase"]
[SourceDate "2010.10.29"]
[SourceVersion "1"]
[SourceVersionDate "2010.10.29"]
[SourceQuality "1"]

1. d4 d5 2. c4 c6 3. Nf3 Nf6 4. Nc3 dxc4 5. a4 Bf5 6. e3 e6 7. Bxc4 Bb4 8. 0-0 Nbd7 9. Qe2 Bg6 10. e4 0-0 11. Bd3 Bh5 12. e5 Nd5 13. Nxd5 cxd5 14. Qe3 Be7 15. Bd2 Nb8 16. b4 Nc6 17. b5 Na5 18. Rac1 h6 19. Rc2 Nb3 20. Bc3 Rc8 21. Nd2 Nxd2 22. Qxd2 Bg6 23. Bxg6 fxg6 24. Bb2 Bg5 25. Qd3 Rxc2 26. Qxc2 Kf7 27. g3 Qc8 28. Qc5 b6 29. Qxc8 1/2-1/2

[Event "Pardubice Czech op-A 21st"]
[Site "Pardubice"]
[Date "2010.07.31"]
[Round "9"]
[White "Borisenko, Viacheslav"]
[Black "Panteleev, Petar"]
[Result "1/2-1/2"]
[WhiteElo "2226"]
[BlackElo "2329"]
[PlyCount "39"]
[EventDate "2010.07.23"]
[EventType "swiss"]
[EventRounds "9"]
[EventCountry "CZE"]
[SourceTitle "CBM 137 Extra"]
[Source "ChessBase"]
[SourceDate "2010.09.01"]
[SourceVersion "1"]
[SourceVersionDate "2010.09.01"]
[SourceQuality "1"]

1. e4 e5 2. Nf3 Nc6 3. Bb5 Nf6 4. 0-0 Nxe4 5. Re1 Nd6 6. Bxc6 dxc6 7. d4 e4 8. Nc3 Be7 9. Nxe4 Nxe4 10. Rxe4 0-0 11. Bf4 Bf5 12. Re3 Bd6 13. Bg3 Re8 14. Rxe8+ Qxe8 15. c3 Be4 16. Ng5 h6 17. Nxe4 Qxe4 18. Qe1 Re8 19. Qxe4 Rxe4 20. Kf1 1/2-1/2

[Event "Pardubice Czech op-A 21st"]
[Site "Pardubice"]
[Date "2010.07.29"]
[Round "7"]
[White "Umudova, Nargiz"]
[Black "Panteleev, Petar"]
[Result "1/2-1/2"]
[WhiteElo "2239"]
[BlackElo "2329"]
[PlyCount "68"]
[EventDate "2010.07.23"]
[EventType "swiss"]
[EventRounds "9"]
[EventCountry "CZE"]
[SourceTitle "CBM 137 Extra"]
[Source "ChessBase"]
[SourceDate "2010.09.01"]
[SourceVersion "1"]
[SourceVersionDate "2010.09.01"]
[SourceQuality "1"]

1. e4 e5 2. Nf3 Nc6 3. Bb5 Nf6 4. 0-0 Nxe4 5. Re1 Nd6 6. Nxe5 Nxe5 7. Rxe5+ Be7 8. Bf1 0-0 9. d4 Bf6 10. Re1 Nf5 11. c3 d5 12. Bd3 c6 13. Nd2 Nh4 14. g3 Bf5 15. Bxf5 Nxf5 16. Nf3 Re8 17. Bf4 Ne7 18. Qd2 Ng6 19. Rxe8+ Qxe8 20. Re1 Qd7 21. Bg5 Bxg5 22. Qxg5 f6 23. Qe3 Kf7 24. Kg2 Re8 25. Qxe8+ Qxe8 26. Rxe8 Kxe8 27. Ne1 Ne7 28. Nd3 Nc8 29. Kf3 Nd6 30. h4 g6 31. g4 Ke7 32. Kf4 h6 33. h5 g5+ 34. Ke3 Nc4+ 1/2-1/2